| 000 -CABECERA |
| campo de control de longitud fija |
00796nam a2200217 a 4500 |
| 001 - NÚMERO DE CONTROL |
| campo de control |
000085274 |
| 005 - FECHA Y HORA DE LA ÚLTIMA TRANSACCIÓN |
| campo de control |
20200120224913.0 |
| 008 - DATOS DE LONGITUD FIJA--INFORMACIÓN GENERAL |
| campo de control de longitud fija |
180703s2006 ck aco g|| |000|||spa d |
| 041 ## - CÓDIGO DE LENGUA |
| Código de lengua del texto/banda sonora o título independiente |
spa |
| 043 ## - CÓDIGO DE ÁREA GEOGRÁFICA |
| Código de área geográfica |
s-ck--- |
| 082 04 - NÚMERO DE LA CLASIFICACIÓN DECIMAL DEWEY |
| Número de edición |
21 |
| Número de clasificación |
356.1 |
| Número de documento/Ítem |
C65in |
| 110 1# - ENTRADA PRINCIPAL--NOMBRE DE ENTIDAD CORPORATIVA |
| Nombre de entidad corporativa o nombre de jurisdicción como elemento de entrada |
Colombia. Armada Nacional. |
| 245 10 - MENCIÓN DE TÍTULO |
| Título |
La infantería de marina colombiana : |
| Resto del título |
trascendencia e imagen del Cuerpo de Tropa de la Armada Nacional / |
| Mención de responsabilidad, etc. |
arte y redacción Carlos Cardoso Puentes. |
| 260 ## - PUBLICACIÓN, DISTRIBUCIÓN, ETC. |
| Lugar de publicación, distribución, etc. |
[Bogotá] : |
| Nombre del editor, distribuidor, etc. |
Rasgo & Color, |
| Fecha de publicación, distribución, etc. |
2006. |
| 300 ## - DESCRIPCIÓN FÍSICA |
| Extensión |
359 páginas : |
| Otras características físicas |
ilustraciones. |
| 610 ## - PUNTO DE ACCESO ADICIONAL DE MATERIA--NOMBRE DE ENTIDAD CORPORATIVA |
| Nombre de entidad corporativa o nombre de jurisdicción como elemento de entrada |
Colombia. Armada Nacional |
| Subdivisión general |
Historia. |
| 650 14 - PUNTO DE ACCESO ADICIONAL DE MATERIA--TÉRMINO DE MATERIA |
| Término de materia o nombre geográfico como elemento de entrada |
Marina de guerra |
| Subdivisión general |
Historia |
| Subdivisión geográfica |
Colombia. |
| 650 14 - PUNTO DE ACCESO ADICIONAL DE MATERIA--TÉRMINO DE MATERIA |
| Término de materia o nombre geográfico como elemento de entrada |
Fuerzas armadas |
| Subdivisión general |
Historia |
| Subdivisión geográfica |
Colombia. |
| 650 24 - PUNTO DE ACCESO ADICIONAL DE MATERIA--TÉRMINO DE MATERIA |
| Término de materia o nombre geográfico como elemento de entrada |
Ciencia Naval |
| Subdivisión general |
Historia |
| Subdivisión geográfica |
Colombia |
| 651 ## - PUNTO DE ACCESO ADICIONAL DE MATERIA--NOMBRE GEOGRÁFICO |
| Nombre geográfico |
Colombia |
| Subdivisión general |
Historia militar. |